Inovatívne prístupy v manažérskom rozhodovaní a ich uplatňovanie v podnikoch na Slovensku

Vplyv hospodárskej krízy na manažérske rozhodovanie a identifikácia posunu v tejto manažérskej funkcii. Podľa názoru odborníkov, rozhodovanie sa stalo oveľa náročnejším než v časoch prosperity a väčšej istoty na trhoch. Inovatívne prístupy v manažérskom rozhodovaní.

Saved in:
Bibliographic Details
Main Author: Jankelová, Nadežda, 1966-
Other Authors: Beňová, Martina
Format: Book Chapter
Language:Slovak
Subjects:
Tags: Add Tag
No Tags, Be the first to tag this record!

MARC

LEADER 00000nla a2200000 4500
001 0240179
005 20240502073910.5
041 0 |a slo 
044 |a SK 
245 1 0 |a Inovatívne prístupy v manažérskom rozhodovaní a ich uplatňovanie v podnikoch na Slovensku  |c Nadežda Jankelová, Martina Beňová 
520 |a Vplyv hospodárskej krízy na manažérske rozhodovanie a identifikácia posunu v tejto manažérskej funkcii. Podľa názoru odborníkov, rozhodovanie sa stalo oveľa náročnejším než v časoch prosperity a väčšej istoty na trhoch. Inovatívne prístupy v manažérskom rozhodovaní. 
610 2 0 |a rozhodovanie manažérske 
610 2 0 |a procesy rozhodovacie 
610 2 0 |a manažment 
610 2 0 |a rozhodovanie podnikové 
610 2 0 |a rozhodovanie za rizika 
610 2 0 |a inovácia 
610 2 0 |a kríza finančná 
610 2 0 |a kríza hospodárska 
100 1 |a Jankelová, Nadežda, 1966- 
700 1 |a Beňová, Martina